000 00835nam a22002177a 4500
999 _c4070
_d4070
003 AR-CdUCM
008 190307b ||||| |||| 00| 0 spa d
040 _aMUNICIPALIDAD PROVINCIAL DEL CUSCO
_cBIBLIOTECA MUNICIPAL DEL CUSCO
082 _a985.022 /
_bL86
100 _aLópez Martínez, Héctor
_912938
245 _aRebeliones de mestizos y otros temas quinientistas /
260 _aLima :
_bGraf. P. L. Villanueva,
_c1972.
300 _a163 paginas ;
_c 20 cm.
505 _aLos mestizo rebeldes del Perú -- Situación social y legal -- Miguel Belalcazar, el mestizo rebelde de Quito 81583) -- Pizarro y el periplo del Perú -- Los incas del Neoimperio...
650 _aMestizos
_97380
650 _aRebeldes
_912939
650 _aImperio inca
_9770
650 _aEspañoles
_912940
942 _2ddc
_cLIBROS
945 _awnts